| 000 | 00718nam a22001937a 4500 | ||
|---|---|---|---|
| 999 |
_c2210 _d2210 |
||
| 003 | AR-CdUCM | ||
| 008 | 190304b ||||| |||| 00| 0 spa d | ||
| 040 |
_aMUNICIPALIDAD PROVINCIAL DEL CUSCO _cBIBLIOTECA MUNICIPAL DEL CUSCO |
||
| 082 |
_a346.3 / _bQ73 |
||
| 100 |
_aQuispe Alvarez, Carlos _97970 |
||
| 245 | _aDerecho de sucesiones / | ||
| 260 |
_aQosqo : _bMercantil, _c1994. |
||
| 300 |
_a308 páginas ; _c20 cm. |
||
| 505 | _aDerecho de sucesiones -- La sucesión -- Estructura de la sucesión -- Apertura de las sucesiones -- Efectos de la apertura de la sucesión... | ||
| 650 |
_aestructura de sucesiones. _97971 |
||
| 650 |
_aderecho de sucesión. _97972 |
||
| 942 |
_2ddc _cLIBROS |
||
| 945 |
_awfj _d2019-03-04 |
||